000 00293nam a2200097Ia 4500
082 _aEF HELL
245 0 _aCatch as catch can : the collected stories and other writings
100 _a HELLER, Joseph London, 2003
_969348
942 _cBK
008 210817s9999 xx 000 0 und d
999 _c406141
_d406140